El Ingenioso Hidalgo Don Quixote de la Mancha (Record no. 2176)

MARC details
000 -CABECERA
campo de control de longitud fija 02040nam a2200313 a 4500
001 - NÚMERO DE CONTROL
campo de control BRCA_2435
005 - FECHA Y HORA DE LA ÚLTIMA TRANSACCIÓN
campo de control 20190320203816.0
008 - DATOS DE LONGITUD FIJA--INFORMACIÓN GENERAL
campo de control de longitud fija 141108s1797----sp-a---###---#000-0dspa-u
041 ## - CÓDIGO DE LENGUA
Código de lengua del texto/banda sonora o título independiente spa
044 ## - CÓDIGO DEL PAÍS DE LA ENTIDAD EDITORA/PRODUCTORA
Código MARC del país sp
084 ## - OTRO NÚMERO DE CLASIFICACIÓN
Número de clasificación 075
Número de documento/Ítem .R43
-- 1797
100 1# - ENTRADA PRINCIPAL--NOMBRE DE PERSONA
Nombre de persona Cervantes Saavedra, Miguel de
Fechas asociadas al nombre 1547-1616
9 (RLIN) 213
245 10 - MENCIÓN DE TÍTULO
Título El Ingenioso Hidalgo Don Quixote de la Mancha
Mención de responsabilidad, etc. compuesta por Miguel de Cervantes Saavedra.
260 ## - PUBLICACIÓN, DISTRIBUCIÓN, ETC.
Lugar de publicación, distribución, etc. Madrid
Nombre del editor, distribuidor, etc. Imprenta Real
Fecha de publicación, distribución, etc. 1797
300 ## - DESCRIPCIÓN FÍSICA
Extensión 6 v.
Otras características físicas il.
Dimensiones 13 cm.
500 ## - NOTA GENERAL
Nota general Contenido : v 1. Primera parte. Dedicatoria y advertencia del editor. Retrato de Cervantes. Noticia de la vida y obra del autor. Versos preliminares. -- v 2. Texto. -- v 3. Texto. -- v 4. Segunda parte. Dedicatoria. Prólogo del autor. Texto. -- v 5. Texto. -- v 6. Texto
500 ## - NOTA GENERAL
Nota general Bella edición, cuyo texto está arreglado conforme a las ediciones publicadas por la Academia; las supera en corrección. Primera tan diminuta. Contiene la vida de Cervantes, escrita por Manuel Quintana con propiedad y justicia. El retrato de Cervantes es dibujo de J. López Enguídanos, y las demás ilustraciones pertenecen a Antonio Rodríguez, quien demuestra ser bastante buen dibujante. La impresión esmerada y buen papel contribuyen a poner esta edición entre las más bonitas de cuantas se imprimieron en España durante los siglos XVII y XVIII. Ejemplar desgastado, encuadernado en piel. Lomeras y cubiertas adornadas con filetes dorados Lúdovik Osterc
500 ## - NOTA GENERAL
Nota general Estado físico : Los volumenes 1 y 6 de esta edición presentan la cubierta desprendida
500 ## - NOTA GENERAL
Nota general Con ex-libris de : Thomas Selwel
500 ## - NOTA GENERAL
Nota general QM59
650 14 - PUNTO DE ACCESO ADICIONAL DE MATERIA--TÉRMINO DE MATERIA
Término de materia o nombre geográfico como elemento de entrada Novela española
Subdivisión cronológica Época clásica, 1500-1700
9 (RLIN) 215
650 14 - PUNTO DE ACCESO ADICIONAL DE MATERIA--TÉRMINO DE MATERIA
Término de materia o nombre geográfico como elemento de entrada Literatura española
Subdivisión cronológica Época clásica, 1500-1700
9 (RLIN) 216
650 14 - PUNTO DE ACCESO ADICIONAL DE MATERIA--TÉRMINO DE MATERIA
Término de materia o nombre geográfico como elemento de entrada Novela española
Subdivisión cronológica Siglo XVII
9 (RLIN) 217
650 14 - PUNTO DE ACCESO ADICIONAL DE MATERIA--TÉRMINO DE MATERIA
Término de materia o nombre geográfico como elemento de entrada Don Quijote (Personaje ficticio)
Término indicativo de función/relación Novela
9 (RLIN) 218
700 1# - PUNTO DE ACCESO ADICIONAL--NOMBRE DE PERSONA
Nombre de persona Quintana, Manuel José
Fechas asociadas al nombre 1772-1857
Término indicativo de función/relación Biógrafo
9 (RLIN) 7119
740 0# - PUNTO DE ACCESO ADICIONAL--TÍTULO RELACIONADO O ANALÍTICO NO CONTROLADO
Título relacionado o analítico no controlado El Ingenioso Hidalgo Don Quijote de la Mancha
902 ## - CATALOGADOR
Iniciales QFM
942 ## - ELEMENTOS DE PUNTO DE ACCESO ADICIONAL (KOHA)
Fuente del sistema de clasificación o colocación Library of Congress Classification
Tipo de ítem Koha Libros
Holdings
Estado de retiro Estado de pérdida Estado dañado No para préstamo Localización permanente Ubicación/localización actual Fecha de adquisición Número de inventario Total de préstamos Signatura topográfica completa Código de barras Fecha visto por última vez Precio válido a partir de Tipo de ítem Koha
El ejemplar forma parte de la colección y puede ser consultado según las políticas vigentes.       Biblioteca del Museo Franz Mayer (Rogerio Casas-Alatriste) Biblioteca del Museo Franz Mayer (Rogerio Casas-Alatriste) 14/11/2008 QM59   075 .R43 1797 (QM59) 2432 22/03/2019 22/03/2019 Libros